De actualiteit van Martin Heideggers Zijn en tijd / (Record no. 83)
[ view plain ]
| 000 -LEADER | |
|---|---|
| fixed length control field | 00889cam a22002654a 4500 |
| 001 - CONTROL NUMBER | |
| control field | 15321354 |
| 005 - DATE AND TIME OF LATEST TRANSACTION | |
| control field | 20200421093818.0 |
| 008 - FIXED-LENGTH DATA ELEMENTS--GENERAL INFORMATION | |
| fixed length control field | 080530s2007 ne b 000 0 dut |
| 010 ## - LIBRARY OF CONGRESS CONTROL NUMBER | |
| LC control number | 2008422670 |
| 020 ## - INTERNATIONAL STANDARD BOOK NUMBER | |
| International Standard Book Number | 9789055737895 |
| 035 ## - SYSTEM CONTROL NUMBER | |
| System control number | (CaONFCNI)ny6072472 |
| 040 ## - CATALOGING SOURCE | |
| Original cataloging agency | DLC |
| Transcribing agency | DLC |
| 050 00 - LIBRARY OF CONGRESS CALL NUMBER | |
| Classification number | B3279.H48 |
| Item number | S453 2007 |
| 245 03 - TITLE STATEMENT | |
| Title | De actualiteit van Martin Heideggers Zijn en tijd / |
| Statement of responsibility, etc. | M. van den Bossche en Chr. Bremmers (red.). ... [et al]. |
| 260 ## - PUBLICATION, DISTRIBUTION, ETC. | |
| Place of publication, distribution, etc. | Budel : |
| Name of publisher, distributor, etc. | Damon, |
| Date of publication, distribution, etc. | c2007. |
| 300 ## - PHYSICAL DESCRIPTION | |
| Extent | 232 p. ; |
| Dimensions | 23 cm. |
| 504 ## - BIBLIOGRAPHY, ETC. NOTE | |
| Bibliography, etc. note | Includes bibliographical references. |
| 600 10 - SUBJECT ADDED ENTRY--PERSONAL NAME | |
| Personal name | Heidegger, Martin, |
| Dates associated with a name | 1889-1976. |
| Title of a work | Sein und Zeit. |
| 9 (RLIN) | 81 |
| 650 #0 - SUBJECT ADDED ENTRY--TOPICAL TERM | |
| Topical term or geographic name entry element | Ontology. |
| 9 (RLIN) | 82 |
| 650 #0 - SUBJECT ADDED ENTRY--TOPICAL TERM | |
| Topical term or geographic name entry element | Space and time. |
| 9 (RLIN) | 83 |
| 700 1# - ADDED ENTRY--PERSONAL NAME | |
| Personal name | Bremmers, Chrisjan. |
| 9 (RLIN) | 84 |
| 906 ## - LOCAL DATA ELEMENT F, LDF (RLIN) | |
| a | 7 |
| b | cbc |
| c | origres |
| d | 3 |
| e | ncip |
| f | 20 |
| g | y-gencatlg |
| 942 ## - ADDED ENTRY ELEMENTS (KOHA) | |
| Source of classification or shelving scheme | Dewey Decimal Classification |
| Koha item type | Books |
| Withdrawn status | Lost status | Damaged status | Not for loan | Collection | Home library | Current library | Shelving location | Date acquired | Barcode | Date last seen | Price effective from | Koha item type |
|---|---|---|---|---|---|---|---|---|---|---|---|---|
| Reference | Centerville | Centerville | General stacks | 09/04/2014 | 39999000003413 | 09/04/2014 | 09/04/2014 | Books | ||||
| Reference | Midway | Midway | General stacks | 09/04/2014 | 39999000003437 | 09/04/2014 | 09/04/2014 | Books |